000 00303nam a2200133Ia 4500
005 20251222140045.0
008 251222s1900||||xx |||||||||||||| ||spa||
082 _a106/Y95
100 _aRodrĂ­guez de Yurre, Gregorio
245 0 _aFilosofĂ­a Social
250 _a3a.ed.
264 _bEset
942 _cLIB
999 _c3411
_d3411